| 000 | 00624nam a2200229 i 4500 | ||
|---|---|---|---|
| 001 | 1808616 | ||
| 005 | 20180122053251.0 | ||
| 008 | 800312s1980 vaua b 000 0 eng | ||
| 010 | _a 79014659 | ||
| 020 | _a0835955826 | ||
| 040 |
_aDLC _cDLC _dDLC |
||
| 041 | _aeng | ||
| 060 | _aWB141.3 B496p | ||
| 080 | _a616.075 BER | ||
| 082 | 0 | 0 | _a616.075 BER |
| 100 | 1 | _a7 | |
| 101 | _aKARD | ||
| 245 | 1 | 0 |
_aPocket guide to health assessment / _cKaren J. Berger, Willa L. Fields ; [ill. by Anita Yakeley]. |
| 504 | _aBibliography: p. 145-146. | ||
| 906 |
_a7 _bcbc _corignew _d1 _eocip _f19 _gy-gencatlg |
||
| 942 |
_2ddc _cBK |
||
| 999 |
_c40652 _d40652 |
||